Actions muscles épaule - Statistiques

Statistiques générales
  • Ce quiz a été pris 52 fois
  • Le résultat moyen est 33 sur 72
Statistiques - réponses
Question Tuile Select % Correct
Quels sont les rotateurs latéraux d'épaule ? Non
82%
Quels sont les rotateurs latéraux d'épaule ? Non
80%
Quels sont les rotateurs latéraux d'épaule ? Non
80%
Quels sont les extenseurs de l'épaule ? (+ retour de flexion) Non
75%
Quels sont les extenseurs de l'épaule ? (+ retour de flexion) Non
73%
Quels sont les extenseurs de l'épaule ? (+ retour de flexion) Non
68%
Quels sont les adducteurs d'épaule ? Non
66%
Quels sont les extenseurs de l'épaule ? (+ retour de flexion) Oui
61%
Quels sont les rotateurs latéraux d'épaule ? Oui
61%
Quels sont les rotateurs latéraux d'épaule ? Oui
61%
Quels sont les abducteurs d'épaule ? Non
61%
Quels sont les extenseurs de l'épaule ? (+ retour de flexion) Non
59%
Quels sont les adducteurs d'épaule ? Non
59%
Quels sont les rotateurs médiaux d'épaule ? Non
59%
Quels sont les fléchisseurs d'épaule ? Non
59%
Quels sont les abducteurs d'épaule ? Non
59%
Quels sont les rotateurs latéraux d'épaule ? Non
57%
Quels sont les extenseurs de l'épaule ? (+ retour de flexion) Non
55%
Quels sont les adducteurs d'épaule ? Non
55%
Quels sont les stabilisateurs de la gléno-humérale ? Non
55%
Quels sont les fléchisseurs d'épaule ? Non
55%
Quels sont les abducteurs d'épaule ? Non
55%
Quels sont les rotateurs latéraux d'épaule ? Non
52%
Quels sont les rotateurs médiaux d'épaule ? Non
52%
Quels sont les fléchisseurs d'épaule ? Non
52%
Quels sont les abducteurs d'épaule ? Non
52%
Quels sont les adducteurs d'épaule ? Non
50%
Quels sont les rotateurs médiaux d'épaule ? Non
50%
Quels sont les rotateurs médiaux d'épaule ? Oui
50%
Quels sont les stabilisateurs de la gléno-humérale ? Non
50%
Quels sont les fléchisseurs d'épaule ? Non
50%
Quels sont les rotateurs latéraux d'épaule ? Non
48%
Quels sont les stabilisateurs de la scapula ? Non
48%
Quels sont les stabilisateurs de la scapula ? Oui
48%
Quels sont les adducteurs d'épaule ? Non
45%
Quels sont les stabilisateurs de la gléno-humérale ? Non
45%
Quels sont les adducteurs d'épaule ? Oui
43%
Quels sont les stabilisateurs de la gléno-humérale ? Non
43%
Quels sont les abducteurs d'épaule ? Non
43%
Quels sont les extenseurs de l'épaule ? (+ retour de flexion) Oui
41%
Quels sont les extenseurs de l'épaule ? (+ retour de flexion) Oui
41%
Quels sont les stabilisateurs de la gléno-humérale ? Oui
41%
Quels sont les abducteurs d'épaule ? Oui
41%
Quels sont les abducteurs d'épaule ? Non
41%
Quels sont les stabilisateurs de la scapula ? Oui
41%
Quels sont les stabilisateurs de la gléno-humérale ? Oui
39%
Quels sont les fléchisseurs d'épaule ? Oui
39%
Quels sont les stabilisateurs de la scapula ? Non
39%
Quels sont les stabilisateurs de la scapula ? Oui
39%
Quels sont les extenseurs de l'épaule ? (+ retour de flexion) Oui
36%
Quels sont les adducteurs d'épaule ? Oui
36%
Quels sont les adducteurs d'épaule ? Oui
36%
Quels sont les stabilisateurs de la gléno-humérale ? Oui
36%
Quels sont les fléchisseurs d'épaule ? Oui
36%
Quels sont les fléchisseurs d'épaule ? Oui
36%
Quels sont les stabilisateurs de la scapula ? Oui
36%
Quels sont les rotateurs latéraux d'épaule ? Oui
34%
Quels sont les rotateurs médiaux d'épaule ? Non
34%
Quels sont les stabilisateurs de la gléno-humérale ? Oui
34%
Quels sont les abducteurs d'épaule ? Oui
34%
Quels sont les abducteurs d'épaule ? Non
34%
Quels sont les rotateurs médiaux d'épaule ? Oui
32%
Quels sont les fléchisseurs d'épaule ? Oui
30%
Quels sont les stabilisateurs de la scapula ? Oui
23%
Quels sont les stabilisateurs de la scapula ? Oui
20%
Quels sont les adducteurs d'épaule ? Oui
18%
Quels sont les rotateurs médiaux d'épaule ? Oui
18%
Quels sont les rotateurs médiaux d'épaule ? Oui
18%
Quels sont les rotateurs médiaux d'épaule ? Oui
18%
Quels sont les stabilisateurs de la gléno-humérale ? Oui
18%
Quels sont les stabilisateurs de la scapula ? Oui
16%
Quels sont les fléchisseurs d'épaule ? Oui
14%
Aucun quiz correspondant
Distribution des résultats
% des personnes avec chaque résultat
Percentile par nombre de réponses
Votre historique - résultats
Vous n’avez pas pris ce quiz